| 000 | 01076nam a2200241Ia 4500 | ||
|---|---|---|---|
| 008 | 191130s2006##################000#0#eng## | ||
| 020 | _a9780486447841 | ||
| 040 |
_aACL _cACL |
||
| 082 | _a745.67 TYM | ||
| 100 | _aTymms, W. R | ||
| 245 |
_aMasterpieces of illuminated letters and borders _cW.R. Tymms and M.D. Wyatt |
||
| 260 |
_aMineola, NY _bDover Publications _c2006 |
||
| 300 | _a57 p. of plates : col. ill. ; 28 cm | ||
| 500 | _aSelection of plates from: The art of illuminating as practised in Europe from the earliest times, illustrated by borders, initial letters, and alphabets. London : Day and Son, Lithographers to the Queen, 1860. New selection of 58 plates selected & chromolithographed by W.R. Tymms, with an essay and instructions by M.D. Wyatt | ||
| 650 | _aAlphabets | ||
| 650 | _aBorders, Ornamental (Decorative arts) | ||
| 650 | _aIllumination of books and manuscripts - Themes, motives | ||
| 650 | _aInitials | ||
| 700 | _aWyatt, M. Digby | ||
| 990 | _a88143201ac10000c723ffc98cd4b6f37 | ||
| 991 | _a326599 | ||
| 999 |
_c273459 _d273459 |
||